000 00237nam a2200097Ia 4500
008 190216s9999||||xx |||||||||||||| ||und||
100 _aTillyard E M W
245 0 _aShakespears Problem Plays
260 _bPenguin Books
942 _cBK
999 _c11570
_d11570